| Tag |
First Indicator |
Second Indicator |
Subfields |
| LEADER |
00000cam a2200000 i 4500 |
| 001 |
in00000094024 |
| 005 |
20150927070242.0 |
| 008 |
781108s1963 mbcb b s00010 eng d |
| 035 |
|
|
|a (OCoLC)04357383
|
| 035 |
|
|
|9 AAL5877AM
|
| 040 |
|
|
|a GZE
|c GZE
|d TXA
|d UtOrBLW
|
| 049 |
|
|
|a TXAM
|c [920939]
|
| 090 |
|
|
|a TN27.M3
|b A33 no. 60-4
|
| 100 |
1 |
|
|a Patterson, J. M.
|q (John McQuesne),
|d 1910-
|
| 245 |
1 |
0 |
|a Geology of the Thompson-Moak Lake area :
|b 11, 12, 13, 14 of 63P, Cross Lake Mining Division /
|c by J. M. Patterson.
|
| 264 |
|
1 |
|a Winnipeg,
|b [publisher not identified] ;
|c 1963.
|
| 300 |
|
|
|a iv, 50 pages :
|b maps ;
|c 25 cm.
|
| 336 |
|
|
|a text
|b txt
|2 rdacontent
|
| 337 |
|
|
|a unmediated
|b n
|2 rdamedia
|
| 338 |
|
|
|a volume
|b nc
|2 rdacarrier
|
| 490 |
1 |
|
|a Manitoba. Dept. of Mines and Natural Resources. Mines Branch. Publication ;
|v 60-4
|
| 500 |
|
|
|a Illustrative matter in pocket.
|
| 504 |
|
|
|a Bibliography: pages 49-50.
|
| 650 |
|
0 |
|a Geology
|z Manitoba
|z Thompson-Moak Lake Region.
|
| 830 |
|
0 |
|a Publication (Manitoba. Department of Mines, Resources and Environmental Management. Mines Branch) ;
|v 60-4.
|
| 999 |
|
|
|a MARS
|
| 999 |
f |
f |
|s 0dfa6bd1-25df-3f24-b7d1-0285110f4866
|i c23b3a03-8836-3afd-a3ce-e7a0ba643b9b
|t 0
|
| 952 |
f |
f |
|p ric
|a Texas A&M University
|b Rellis Campus
|c Joint Library Facility
|d Remote Storage
|t 0
|e TN27.M3 A33 no. 60-4
|h Library of Congress classification
|i unmediated -- volume
|m A14805568678
|
| 998 |
f |
f |
|a TN27.M3 A33 no. 60-4
|t 0
|l Remote Storage
|